000 00280nam a2200109 a 4500
005 20140414131956.0
008 110209s19uu xx 00 eng d
050 _aTR 649.5
_bK32 2004
100 _aKemp, Jane
245 _aNumber and logic games for preschoolers.
999 _c112936
_d112936